Relato de mi vida / (Record no. 96814)

MARC details
000 -LEADER
campo de control de longitud fija 00743nam a2200205 i 4500
001 - NÚMERO DE CONTROL
campo de control 96814
003 - IDENTIFICADOR DE NÚMERO DE CONTROL
campo de control ES-MaACL
005 - FECHA Y HORA DE LA ÚLTIMA TRANSACCIÓN
campo de control 20250316204106.0
007 - CAMPO FIJO DE DESCRIPCIÓN FÍSICA--INFORMACIÓN GENERAL
campo de control de longitud fija t|
008 - DATOS DE LONGITUD FIJA--INFORMACIÓN GENERAL
campo de control de longitud fija 050701s1969 sp ||||1| spa d
100 0# - ENTRADA PRINCIPAL--NOMBRE DE PERSONA
Nombre de persona Mann, Thomas,
Fechas asociadas al nombre 1875-1955
9 (RLIN) 76055
245 10 - MENCIÓN DEL TÍTULO
Título Relato de mi vida /
Mención de responsabilidad, etc. Thomas Mann ; seguido de "El último año de mi padre", de Erika Mann ; [traducción], cronología y bibliografía de Thomas Mann, de Andrés-Pedro Sánchez Pascual.
260 ## - PUBLICACIÓN, DISTRIBUCIÓN, ETC.
Lugar de publicación, distribución, etc. Madrid :
Nombre del editor, distribuidor, etc. Alianza,
Fecha de publicación, distribución, etc. 1969.
300 ## - DESCRIPCIÓN FÍSICA
Extensión 225 p. ;
Dimensiones 18 cm.
700 1# - ENTRADA AGREGADA--NOMBRE PERSONAL
Nombre de persona Mann, Erika.
9 (RLIN) 76042
700 1# - ENTRADA AGREGADA--NOMBRE PERSONAL
Nombre de persona Sánchez Pascual, Andrés.
9 (RLIN) 102833
740 3# - ENTRADA AGREGADA--TÍTULO RELACIONADO/ANALÍTICO NO CONTROLADO
Título relacionado o analítico no controlado El último año de mi padre.
852 ## - LOCALIZACIÓN
Ubicación ES-MaACL
Número de control de estantería C-35864
Sublocalización o colección R.69272
Holdings
Estatus retirado Estado de pérdida Estado de daño No para préstamo Biblioteca de origen Biblioteca actual Ubicación en estantería Fecha de adquisición Fuente de adquisición Total de préstamos Signatura topográfica completa Código de barras Visto por última vez Precio de reemplazo Tipo de ítem Koha
        Biblioteca del Ateneo de Madrid Biblioteca del Ateneo de Madrid Depósito 2 17/01/2008     C-35864 1101075 23/02/2023 23/02/2023 Libro impreso